书目信息 |
| 题名: |
关键路径法在工程管理中的应用
|
|
| 作者: | 奥布莱恩 , 普洛特尼克 著 ;王亮 译 | |
| 分册: | ||
| 出版信息: | 北京 中国建筑工业出版社 2017.02 |
|
| 页数: | 266页 | |
| 开本: | 26cm | |
| 丛书名: | ||
| 单 册: | ||
| 中图分类: | TU71 | |
| 科图分类: | ||
| 主题词: | 建筑工程--jian zhu gong cheng--施工管理 | |
| 电子资源: | ||
| ISBN: | 978-7-112-18821-5 | |
| 000 | 01393nam0 2200301 450 | |
| 001 | 012018000494 | |
| 005 | 20190306124931.88 | |
| 010 | @a978-7-112-18821-5@dCNY68.00 | |
| 100 | @a20170401d2017 em y0chiy50 ea | |
| 101 | 1 | @achi@ceng |
| 102 | @aCN@b110000 | |
| 105 | @aak z 000yy | |
| 200 | 1 | @a关键路径法在工程管理中的应用@Aguan jian lu jing fa zai gong cheng guan li zhong de ying yong@f(美) 詹姆斯·J·奥布莱恩, 弗雷德里克·L·普洛特尼克著@F(mei) zhan mu si ·J·ao bu lai en, fu lei de li ke ·L·pu luo te ni ke zhu@g王亮译 |
| 210 | @a北京@c中国建筑工业出版社@d2017.02 | |
| 215 | @a266页@c图@d26cm | |
| 305 | @a译自原著第7版 | |
| 306 | @a本书由麦格劳·希尔 (亚洲) 教育出版公司正式授权我社翻译、出版、发行本书中文简体字版 | |
| 312 | @a英文题名原文取自封面 | |
| 314 | @a王亮, 北京建筑大学土木与交通工程学院院长助理。 | |
| 330 | @a本书主要内容包括: 引言、项目控制系统在学术界的演变、项目控制系统在市场中的演变、关键路径法进度计划编制理论、施工领域的网络图、逻辑网络图的持续时间等。 | |
| 500 | 10 | @aCPM in construction management@mChinese |
| 606 | 0 | @a建筑工程@Ajian zhu gong cheng@x施工管理 |
| 690 | @aTU71@v5 | |
| 701 | 1 | @a奥布莱恩@Aao bu lai en@g(O'Brien, James Jerome)@4著 |
| 701 | 1 | @a普洛特尼克@Apu luo te ni ke@g(Plotnick, Fredric L.)@4著 |
| 702 | 0 | @a王亮@Awang liang@4译 |
| 801 | 0 | @aCN@c20180813 |
| 905 | @a河南城建学院图书馆@b21355516-17@dTU71@eA759@f2 | |
| 关键路径法在工程管理中的应用/(美) 詹姆斯·J·奥布莱恩, 弗雷德里克·L·普洛特尼克著/王亮译.-北京:中国建筑工业出版社,2017.02 |
| 266页:图;26cm |
| ISBN 978-7-112-18821-5:CNY68.00 |
| 本书主要内容包括: 引言、项目控制系统在学术界的演变、项目控制系统在市场中的演变、关键路径法进度计划编制理论、施工领域的网络图、逻辑网络图的持续时间等。 |
| ● |
| 相关链接 |
|
|
|
正题名:关键路径法在工程管理中的应用
索取号:TU71/A759
 
预约/预借
| 序号 | 登录号 | 条形码 | 馆藏地/架位号 | 状态 | 备注 |
| 1 | 1305631 | 213056315 | 建筑库201/201建筑库 15排1列2层/ [索取号:TU71/A759] | 在馆 | |
| 2 | 1355516 | 213555160 | 建筑库201/201建筑库 15排1列2层/ [索取号:TU71/A759] | 在馆 | |
| 3 | 1355517 | 213555179 | 建筑库201/201建筑库 15排1列2层/ [索取号:TU71/A759] | 在馆 |